| 000 | 00705nam a2200205 a 4500 | ||
|---|---|---|---|
| 001 | 000042537 | ||
| 005 | 20201002040223.0 | ||
| 008 | 131211s2003 sp 000 0 spa d | ||
| 020 | _a9788433970077 | ||
| 040 |
_aDO-SdBNP _bspa _cBNPHU |
||
| 082 |
_axxxxx _bxxxxx |
||
| 100 | 1 |
_aHighsmith, Patricia, _d1921-1995 _911981 |
|
| 245 | 1 | 4 |
_aUna afición peligrosa / _cPatricia Highsmith ; traducción Isabel Núñez. |
| 260 |
_aBarcelona, : _bAnagrama, _c2003. |
||
| 300 |
_a307 p. ; _c22 cm. |
||
| 490 | 1 |
_aPanorama de narrativas _v547 |
|
| 500 | _aIncluye datos biográficos de la autora en la solapa de la cubierta | ||
| 700 | 1 |
_aNúñez, Isabel, _etr. _969762 |
|
| 830 | 0 |
_aPanorama de narrativas _n547 _969763 |
|
| 999 |
_c42026 _d42026 |
||